000 00684nam a2200229Ia 4500
003 OSt
005 20220925210958.0
006 a|||||r|||| 00| 0
007 ta
008 220923b |||||||| |||| 00| 0 eng d
037 _cGeneral Book
040 _aRTL
_cRTL
_beng
041 _2eng
_aeng
082 _aX71:8L.237.N82<N81, M1
110 _aRAJESTHAN (Government of-)
_9273599
245 0 _aAaya- vayyak anuman 1981-82 V3
260 _aJaipur
_bRajya Kendriyan Mundralaya
_c1981
300 _aVarious Pagination
_ccm.
700 _aRAJESTHAN (Government of-)
_9273600
942 _hX71:8L.237.N82<N81, M1
_cGB
_2CC
999 _c556387
_d556387